Miss 👑 France 🇫🇷 #2 📸PHOTOS📸 - Statistiques

Statistiques générales
  • Ce quiz a été pris 220 fois
  • Le résultat moyen est 8 sur 12
Statistiques - réponses
Par images Hint Réponse % Correct
2002 Sylvie Tellier
95%
2001 Elodie Gossuin
88%
2008 Valérie Bègue
83%
2000 Sonia Rolland
81%
2006 Alexandra Rosenfeld
71%
2005 Cindy Fabre
63%
2007 Rachel Legrain-Trapani
57%
2009 Chloé Mortaud
56%
1999 Mareva Galanter
51%
2003 Corinne Coman
44%
2004 Laetitia Bléger
42%
1998 Sophie Thalmann
39%
Aucun quiz correspondant
Distribution des résultats
% des personnes avec chaque résultat
Percentile par nombre de réponses
Votre historique - résultats
Vous n’avez pas pris ce quiz